Sports Quiz

Random Sports or State Quiz
Score 0/23 Timer 03:00
5 Plays Today
# of Teams State % Correct
4???
93.7%
3???
88.4%
2???
86.5%
1???
84.9%
1???
81.9%
2???
76.4%
1???
73.7%
2???
73.5%
2???
72.6%
1???
71.2%
1???
71.1%
1???
69.8%
# of Teams State % Correct
1???
69.3%
1???
69%
1???
67.7%
1???
66.4%
1???
65.9%
2???
65.9%
1???
64.5%
1???
64.1%
1???
63%
1???
62%
Mines???
56.7%

You're not logged in!

Compare scores with friends on all Sporcle quizzes.
OR
Log In

Sporcle TV

Today on Sporcle TV


Watch our educational content, quiz creation guides, and fun videos on Sporcle TV.

Show Comments

Extras

Top Quizzes Today


Score Distribution

Your Account Isn't Verified!

In order to create a playlist on Sporcle, you need to verify the email address you used during registration. Go to your Sporcle Settings to finish the process.

Report this User

Report this user for behavior that violates our Community Guidelines.

Details: